000 00661nam a22002057a 4500
003 OSt
005 20260304064128.0
008 260304b |||||||| |||| 00| 0 eng d
020 _a9789-7196-48871
040 _aDWCL - Main Lib.
_cOC
082 _aCirc. 158.1 M398k 2013
100 _aMason, John
_eAuthor
245 _aKnow your limits then ignore them /
_cJohn Mason
260 _aParanaque City, Philippines :
_bActs 29 Publishing,
_cc2013.
300 _aix, 202 pages :
_billustrations ;
_c21cm.
650 _a1. Motivation -- Psychology.
650 _a2. Personal growth.
650 _a3. Self-actualization -- Psychology.
942 _2ddc
_cBK-CIRC
_n0
999 _c8618
_d8618